000 00643nam a2200241Ia 4500
003 OSt
005 20220928130013.0
006 a|||||r|||| 00| 0
007 ta
008 220927b |||||||| |||| 00| 0 eng d
024 _a65951
037 _cTextual
040 _aSDCL
_cSDCL
_beng
041 _2eng
_aeng
082 _aR5, P5
100 _aRao B Tirupati
_9472473
245 0 _aAesthetics
_b Modern and postmodern
260 _aDelhi
_bBharatiya Kala Prakashan
_c2005
300 _axx,287p
_ccm.
650 _aPhilosophy Aesthetics
_9472474
942 _hR5, P5
_cTEXL
_2CC
999 _c785053
_d785053